<?xml version="1.0" encoding="UTF-8"?>
<record
    xmlns:xsi="http://www.w3.org/2001/XMLSchema-instance"
    xsi:schemaLocation="http://www.loc.gov/MARC21/slim http://www.loc.gov/standards/marcxml/schema/MARC21slim.xsd"
    xmlns="http://www.loc.gov/MARC21/slim">

  <leader>00684nam a22001577a 4500</leader>
  <datafield tag="999" ind1=" " ind2=" ">
    <subfield code="c">61182</subfield>
    <subfield code="d">61182</subfield>
  </datafield>
  <controlfield tag="005">20231227170658.0</controlfield>
  <controlfield tag="008">231227s1935    ru ||||| |||| 00| 0 rus d</controlfield>
  <datafield tag="041" ind1=" " ind2=" ">
    <subfield code="a">rus</subfield>
  </datafield>
  <datafield tag="080" ind1=" " ind2=" ">
    <subfield code="a">94(3) &#x418;-32</subfield>
  </datafield>
  <datafield tag="245" ind1=" " ind2=" ">
    <subfield code="a">&#x418;&#x437; &#x438;&#x441;&#x442;&#x43E;&#x440;&#x438;&#x438; &#x43C;&#x430;&#x442;&#x435;&#x440;&#x438;&#x430;&#x43B;&#x44C;&#x43D;&#x43E;&#x433;&#x43E; &#x43F;&#x440;&#x43E;&#x438;&#x437;&#x432;&#x43E;&#x434;&#x441;&#x442;&#x432;&#x430; &#x430;&#x43D;&#x442;&#x438;&#x447;&#x43D;&#x43E;&#x433;&#x43E; &#x43C;&#x438;&#x440;&#x430; /</subfield>
    <subfield code="c"> &#x41C;. &#x421;. &#x410;&#x43B;&#x44C;&#x442;&#x43C;&#x430;&#x43D;, &#x411;.&#x41D;. &#x413;&#x440;&#x430;&#x43A;&#x43E;&#x432;,  &#x41E;.&#x41E;. &#x41A;&#x440;&#x44E;&#x433;&#x435;&#x440;, &#x421;.&#x410;. &#x41B;&#x44F;&#x441;&#x43A;&#x43E;&#x432;&#x441;&#x43A;&#x438;&#x439;.</subfield>
  </datafield>
  <datafield tag="264" ind1=" " ind2=" ">
    <subfield code="a">&#x41C;&#x43E;&#x441;&#x43A;&#x432;&#x430;-&#x41B;&#x435;&#x43D;&#x438;&#x43D;&#x433;&#x440;&#x430;&#x434; :</subfield>
    <subfield code="b">&#x41E;&#x413;&#x418;&#x417;, </subfield>
    <subfield code="c">1935.</subfield>
  </datafield>
  <datafield tag="300" ind1=" " ind2=" ">
    <subfield code="a">341 &#x441;&#x442;&#x440;.: </subfield>
    <subfield code="b">&#x418;&#x43B;&#x43B;. ;</subfield>
    <subfield code="c">23 &#x441;&#x43C;.</subfield>
  </datafield>
  <datafield tag="653" ind1=" " ind2=" ">
    <subfield code="a">&#x1CAB;&#x10D5;&#x10D4;&#x10DA;&#x10D8; &#x10DB;&#x10E1;&#x10DD;&#x10E4;&#x10DA;&#x10D8;&#x10DD;</subfield>
  </datafield>
  <datafield tag="653" ind1=" " ind2=" ">
    <subfield code="a">&#x1CA3;&#x10EB;&#x10D5;&#x10D4;&#x10DA;&#x10D4;&#x10E1;&#x10D8; &#x10E1;&#x10D0;&#x10D1;&#x10D4;&#x10E0;&#x10EB;&#x10DC;&#x10D4;&#x10D7;&#x10D8;</subfield>
  </datafield>
  <datafield tag="942" ind1=" " ind2=" ">
    <subfield code="2">udc</subfield>
    <subfield code="c">&#x1CAC;&#x1C98;&#x1C92;&#x1C9C;&#x1C98;</subfield>
  </datafield>
  <datafield tag="952" ind1=" " ind2=" ">
    <subfield code="0">0</subfield>
    <subfield code="1">0</subfield>
    <subfield code="2">udc</subfield>
    <subfield code="4">0</subfield>
    <subfield code="6">943_&#x418;32</subfield>
    <subfield code="7">0</subfield>
    <subfield code="9">97454</subfield>
    <subfield code="a">CPL</subfield>
    <subfield code="b">CPL</subfield>
    <subfield code="c">GEN</subfield>
    <subfield code="d">2023-12-27</subfield>
    <subfield code="g">5.00</subfield>
    <subfield code="o">94(3) &#x418;-32</subfield>
    <subfield code="p">65708</subfield>
    <subfield code="r">2023-12-27</subfield>
    <subfield code="t">65708</subfield>
    <subfield code="w">2023-12-27</subfield>
    <subfield code="y">&#x1CAC;&#x1C98;&#x1C92;&#x1C9C;&#x1C98;</subfield>
    <subfield code="z">5 &#x10DA;.</subfield>
  </datafield>
</record>
